|
|
|
|
| LEADER |
00000cam a2200000 7i4500 |
| 001 |
0000001641 |
| 005 |
20010904.0 |
| 090 |
0 |
0 |
|a JPSM634.95
|b MAL 1989
|
| 110 |
1 |
0 |
|a MALAYSIA
|c Ibu Pejabat Perhutanan Semenanjung Malaysia
|
| 245 |
1 |
0 |
|a Panduan penubuhan ladang spesies cepat tumbuh
|
| 260 |
0 |
0 |
|a Kuala Lumpur :
|b Ibu Pejabat Perhutanan ,
|c 1989
|
| 300 |
|
|
|a xv, 87 p. :
|b col. ill. ;
|c 28 cm.
|
| 650 |
0 |
0 |
|a Forests and forestry
|
| 650 |
0 |
0 |
|a Plantation
|
| 998 |
|
|
|a JPSM
|
| 999 |
|
|
|a 0000002923
|b Monograph
|c Open Shelf
|e Default branch
|
| 999 |
|
|
|a 0000003506
|b Monograph
|c Open Shelf
|e Default branch
|
| 999 |
|
|
|a 0000003598
|b Monograph
|c Open Shelf
|e Default branch
|
| 999 |
|
|
|a 0000003599
|b Monograph
|c Open Shelf
|e Default branch
|